|
|
|
|
| LEADER |
01250nam a2200253 a 4500 |
| 003 |
GR-PaULI |
| 005 |
20181127100028.0 |
| 008 |
990226s1981 us f 1 eng d |
| 952 |
|
|
|0 0
|1 0
|4 0
|6 330_900000000000000_Ν
|7 0
|9 180441
|a LISP
|b LISP
|d 2016-04-24
|i 041044
|l 0
|o 330.9 Ν
|p 025000004101
|r 2016-04-24 00:00:00
|t 1
|w 2016-04-24
|y BK15
|
| 952 |
|
|
|0 0
|1 0
|2 ddc
|4 0
|6 330_900000000000000_NOR
|7 0
|9 227926
|a LISA
|b LISA
|c BSC
|d 2018-11-27
|i 14363
|l 0
|o 330.9 NOR
|p 027000001484
|r 2018-11-27 00:00:00
|t 2
|w 2018-11-27
|y BK15
|
| 999 |
|
|
|c 111558
|d 111558
|
| 020 |
|
|
|a 039395241X
|
| 040 |
|
|
|a GR-PaULI
|b gre
|c GR-PaULI
|d GR-AiPI
|e AACR2
|
| 082 |
0 |
4 |
|a 330.9
|2 23
|
| 100 |
1 |
|
|a North, Douglass C.
|d 1920-
|9 31232
|e συγγραφέας.
|
| 245 |
1 |
0 |
|a Structure and change in economic history /
|c Douglass C. North.
|
| 260 |
|
|
|a New York :
|b W. W. Norton & Company,
|c c1981.
|
| 300 |
|
|
|a xi, 228 σ. ;
|c 23 εκ.
|
| 504 |
|
|
|a Περιλαμβάνει βιβλιογραφικές αναφορές (σ. 211-220) και ευρετήριο.
|
| 650 |
|
4 |
|a Οικονομική ιστορία
|9 768
|
| 852 |
|
|
|a GR-PaULI
|b ΠΑΤΡΑ
|b ΒΚΠ
|k ΑΣΧΞ
|h 330.9 Ν
|m 041044
|p 025000004101
|t 1
|
| 942 |
|
|
|2 ddc
|c BK15
|
| 998 |
|
|
|c ΠΑΝΑΓΟΠΟΥΛΟΥ
|d 1999-02
|
| 998 |
|
|
|c ΜΙΧΟΣΤΑΥΡΟΥ
|d 2018-11
|